| LEADER | 01491nam a2200193 4500 | ||
|---|---|---|---|
| 082 | |a 895.92208 |b H103tr | ||
| 100 | |a Phạm Hông Toàn | ||
| 245 | |a Hải Triều 60 năm nhìn lại |c Phạm Hông Toàn (sưu tầm, biên soạn và giới thiệu), Phạm Hồng Cư, Trần Huy Liệu,.. | ||
| 260 | |a H. |b Văn học |c 2013 | ||
| 300 | |a 989 tr. |c 21cm. | ||
| 520 | |a Tập hợp những bài viết của các tác gia, nhà văn, nhà phê bình về nhà văn Hải Triều. | ||
| 653 | |a Văn học | ||
| 942 | |2 ddc |c STK0 | ||
| 999 | |c 1413 |d 1413 | ||
| 952 | |0 0 |1 0 |2 ddc |4 0 |6 895_922080000000000_H103TR |7 1 |8 800 |9 25691 |a qbu |b qbu |c D5 |d 2014-12-08 |g 200000 |o 895.92208 H103tr |p 384.c1 |r 0000-00-00 |w 2014-12-08 |y STK0 |0 0 |6 895_922080000000000_H103TR | ||
| 952 | |0 0 |1 0 |2 ddc |4 0 |6 895_922080000000000_H103TR |7 0 |8 800 |9 25692 |a qbu |b qbu |c D5 |d 2014-12-08 |g 200000 |o 895.92208 H103tr |p 384.c2 |r 0000-00-00 |w 2014-12-08 |y STK0 |0 0 |6 895_922080000000000_H103TR | ||
| 952 | |0 0 |1 0 |2 ddc |4 0 |6 895_922080000000000_H103TR |7 0 |8 800 |9 25693 |a qbu |b qbu |c D5 |d 2014-12-08 |g 200000 |o 895.92208 H103tr |p 384.c3 |r 0000-00-00 |w 2014-12-08 |y STK0 |0 0 |6 895_922080000000000_H103TR | ||
| 952 | |0 0 |1 0 |2 ddc |4 0 |6 895_922080000000000_H103TR |7 0 |8 800 |9 25694 |a qbu |b qbu |c D5 |d 2014-12-08 |g 200000 |o 895.92208 H103tr |p 384.c4 |r 0000-00-00 |w 2014-12-08 |y STK0 |0 0 |6 895_922080000000000_H103TR | ||
| 952 | |0 0 |1 0 |2 ddc |4 0 |6 895_922080000000000_H103TR |7 0 |8 800 |9 25695 |a qbu |b qbu |c D5 |d 2014-12-08 |g 200000 |o 895.92208 H103tr |p 384.c5 |r 0000-00-00 |w 2014-12-08 |y STK0 |0 0 |6 895_922080000000000_H103TR | ||